Notas sobre Matisia longiflora gleas. (<Bombacaceae>) (Registro nro. 10739)

Detalles MARC
000 -CABECERA
Campo de control 006100000a22001930004500
090 ## - CLASIFICACIÓN LOCAL
Colección AR
Consecutivo 01659
041 0# - IDIOMA
Código de idioma para texto/pista de sonido o título separado
100 1# - ASIENTO PRINCIPAL--NOMBRE PERSONAL
Nombre personal Fernández Alonso, José Luis
245 10 - MENCION DE TITULO
Título Notas sobre Matisia longiflora gleas. (<Bombacaceae>)
650 14 - ASIENTO SECUNDARIO DE MATERIA - TERMINO TEMATICO
Término temático o nombre geográfico como elemento de entrada Flora
650 14 - ASIENTO SECUNDARIO DE MATERIA - TERMINO TEMATICO
Término temático o nombre geográfico como elemento de entrada Morfología vegetal
650 14 - ASIENTO SECUNDARIO DE MATERIA - TERMINO TEMATICO
Término temático o nombre geográfico como elemento de entrada Hábitat vegetal
650 14 - ASIENTO SECUNDARIO DE MATERIA - TERMINO TEMATICO
Término temático o nombre geográfico como elemento de entrada Distribución geográfica
651 #4 - ASIENTO SECUNDARIO DE MATERIA - NOMBRE GEOGRAFICO
-- Boyacá
-- Colombia
653 ## - TERMINO DE INDIZACION - NO CONTROLADO
-- Bombacaceae
-- Matisia
-- Matisia longiflora
700 1# - ASIENTO SECUNDARIO - NOMBRE PERSONAL
Nombre personal Cogollo Pacheco, Alvaro
773 1# - Item fuente:
Título Caldasia
Especificación de materiales 45
Descripción física 1
Paginas del Articulo 173-176
Lugar, editorial y fecha de publicación 1992
Información sobre la relación 17
942 ## - ELEMENTOS ADICIONALES (KOHA)
Tipo de ítem Artículo
Existencias
Withdrawn status Lost status Damaged status No para préstamo Colección Ubicación Permanente Ubicación actual Fecha de adquisición Fuente de Valor Datos de publicación Seriada Total Checkouts Número topográfico Inventario / Código de Barras Date last seen Ejemplar Price effective from Forma de adquisición Tipo de material
      No para Préstamo Hemeroteca Bogotá Bogotá 27/02/2015 Muñoz Saba, Yaneth Fuera de circulación   AR 01659 012023 25/03/2015 1 25/03/2015   Artículo